000 05047nam a22004217a 4500
003 OSt
005 20260215104527.0
008 250827s2024 ua a|||frm||| 000 0 eng d
040 _aEG-GICUC
_bara
_cEG-GICUC
_dEG-GICUC
_erda
041 0 _aara
_bara
_beng
049 _aإيداع
082 0 4 _a338.88
092 _a338.88
_221
097 _aدكتوراه‎
099 _aCai01.04.03.Ph.D.2024.بل.ح
100 0 _a،بلال مصطفى محمد إسكندر
_eإعداد.
245 1 2 _aالحماية الجنائية للشركات التجارية :
_bدراسة مقارنة /
_cإعداد بلال مصطفى محمد إسكندر؛ إشراف أ.د. عمر محمد سالم.
246 1 5 _aCriminal protection of commercial companies :
_bComparative study /
264 0 _c2024.
300 _a273 صفحة :
_bإيضاحيات ؛
_c30 سم. +
_eCD.
336 _atext
_2rda content
337 _aUnmediated
_2rdamedia
338 _avolume
_2rdacarrier
502 _aأطروحة (دكتوراه)-جامعة القاهرة، 2024.
504 _aببليوجرافيا: صفحات 250-263.
520 _aتعد الشركات التجارية هي الصورة المثالية لممارسة مختلف الأنشطة التجارية، ونادراً ما يمارس هذا النشاط بشكل فردي، وحتى في هذه الحالات، يتم فصل الوضع المالي للشخص عن الوضع المالي للشركة، في حالة إنشاء شركة تسمى شركة الشخص الواحد. وقد نمت الشركات التجارية بشكل كبير، وامتدت إلى جميع جوانب الحياة، وزادت، سواء من حيث عددها أو من حيث القيمة المالية التي تمثلها. وهناك شركات يتجاوز رأس مالها مليارات الدولارات. ولا شك أن الشركة، سواء في مرحلة التأسيس، أو في مرحلة الحياة المهنية، أثناء ممارسة نشاطها، أو عند انتهاء صلاحيتها بالتصفية، على سبيل المثال، يمكن أن تقع في هاوية الجريمة، بسبب انخراط ممثليها في أنشطة غير مشروعة. ومن الصعب للغاية ترك هذه الأنشطة دون تجريم وعقاب، بل من غير الممكن ترك هذه الأنشطة للقواعد العامة في قانون العقوبات، حيث قد تكون هذه القواعد غير كافية لمواجهة هذه الأنشطة الإجرامية. علاوة على ذلك، فإن هذه القاعدة العامة للتجريم والعقاب تواجه الأفعال الفردية، كقاعدة عامة. ولا يجوز أن تخضع طبيعة الشركات، وقواعد إنشائها، ونشاطها، وتصفيتها، وانقضائها بوجه عام، للقواعد العامة للتجريم والعقاب الواردة في المواد العامة والخاصة من قانون العقوبات.
520 _aCommercial companies are the ideal image for conducting various commercial activities. This activity is rarely conducted individually, and even in these cases, the financial status of the person is separated from the financial status of the company, in the case of establishing a company called a one-person company. Commercial companies have grown significantly, and have extended to all aspects of life, and have increased, whether in terms of their number or in terms of the financial value they represent. There are companies whose capital exceeds billions of dollars. There is no doubt that the company, whether in the establishment phase, or in the professional life phase, while conducting its activity, or upon its expiration by liquidation, for example, can fall into the abyss of crime, due to its representatives engaging in illegal activities. It is very difficult to leave these activities without criminalization and punishment. Rather, it is not possible to leave these activities to the general rules of the Penal Code, as these rules may be insufficient to confront these criminal activities. Moreover, this general rule of criminalization and punishment confronts individual actions, as a general rule.
530 _aصدر أيضًا كقرص مدمج.
546 _aالنص بالعربية والملخص باللغة الإنجليزية والعربية.
650 7 _aالشركات التجارية
_2qrmak
650 7 _aالشركات
_2qrmak
_xقوانين وتشريعات
653 0 _aالشركات التجارية
_aالنشاط
_aالشخص الواحد
700 0 _aعمر محمد سالم
_eمشرف أطروحة.
900 _b25-12-2024
_cعمر محمد سالم
_dأحمد عوض بلال
_dمحمد الدسوقي الشهاوي
_Uجامعة القاهرة
_Fكلية الحقوق
_Dقسم القانون الجنائى
905 _aSara
_eAfaf
942 _2ddc
_cTH
_e21
_n0
999 _c177434